000 00357cam a2200145ua 4500
041 _aeng
_h
082 _a928.21
_bRUS/PR
100 _aRuskin, John .
245 _aPraeterita, Vol 1 /
_cJohn Ruskin.
_hTextual Documents
260 _aLondon :
_bGeorge Allen & Unwin Ltd ,
_c1907.
300 _a360 ; .
504 _a
942 _cBK
999 _c6153
_d6153